Curso de química general / (Record no. 51259)

MARC details
000 -LEADER
campo de control de longitud fija 01266nam a2200277 i 4500
001 - NÚMERO DE CONTROL
campo de control 51259
003 - IDENTIFICADOR DE NÚMERO DE CONTROL
campo de control ES-MaACL
007 - CAMPO FIJO DE DESCRIPCIÓN FÍSICA--INFORMACIÓN GENERAL
campo de control de longitud fija t|
008 - DATOS DE LONGITUD FIJA--INFORMACIÓN GENERAL
campo de control de longitud fija 030812m19751980sp ||||1| spa d
020 ## - NÚMERO INTERNACIONAL ESTÁNDAR DEL LIBRO
Número Internacional Estándar del Libro 84-311-0183-0
100 1# - ENTRADA PRINCIPAL--NOMBRE DE PERSONA
Nombre de persona Charlot, Gaston.
9 (RLIN) 38090
245 10 - MENCIÓN DEL TÍTULO
Título Curso de química general /
Mención de responsabilidad, etc. de Gaston Charlot.
260 ## - PUBLICACIÓN, DISTRIBUCIÓN, ETC.
Lugar de publicación, distribución, etc. Barcelona :
Nombre del editor, distribuidor, etc. Toray Masson,
Fecha de publicación, distribución, etc. 1975-1980.
300 ## - DESCRIPCIÓN FÍSICA
Extensión 4 v. ;
Dimensiones 25 cm.
505 8# - NOTA DE CONTENIDO CON FORMATO
Nota de contenido con formato Contiene: T. I: Soluciones acuosas y no acuosas / por Gaston Charlot ; versión castellana de Santiago Vicente Pérez. -- T. II: Métodos electroquímicos y absorciométricos. Cromatografía / por Gaston Charlot ; versión castellana de Jorge Calmet Fontané y José García Monjo. T. III-IV: Ejercicios / por Magdeleine Machtinger, Robert Rosset ; versión castellana de Jorge Calmet Fontané y José García Monjo
700 1# - ENTRADA AGREGADA--NOMBRE PERSONAL
Nombre de persona Vicente Pérez, Santiago.
9 (RLIN) 114369
700 1# - ENTRADA AGREGADA--NOMBRE PERSONAL
Nombre de persona Calmet Fontané, Jorge.
9 (RLIN) 33765
700 1# - ENTRADA AGREGADA--NOMBRE PERSONAL
Nombre de persona García Monjo, José.
9 (RLIN) 54970
700 1# - ENTRADA AGREGADA--NOMBRE PERSONAL
Nombre de persona Machtinger, Magdeleine.
9 (RLIN) 75199
700 1# - ENTRADA AGREGADA--NOMBRE PERSONAL
Nombre de persona Rosset, Robert.
9 (RLIN) 99850
740 0# - ENTRADA AGREGADA--TÍTULO RELACIONADO/ANALÍTICO NO CONTROLADO
Título relacionado o analítico no controlado Soluciones acuosas y no acuosas.
740 0# - ENTRADA AGREGADA--TÍTULO RELACIONADO/ANALÍTICO NO CONTROLADO
Título relacionado o analítico no controlado Métodos electroquímicos y absorciométricos.
740 0# - ENTRADA AGREGADA--TÍTULO RELACIONADO/ANALÍTICO NO CONTROLADO
Título relacionado o analítico no controlado Cormatografía.
740 0# - ENTRADA AGREGADA--TÍTULO RELACIONADO/ANALÍTICO NO CONTROLADO
Título relacionado o analítico no controlado Ejercicios.
852 ## - LOCALIZACIÓN
Ubicación ES-MaACL
Número de control de estantería G-13339-42
Sublocalización o colección R.115081
Holdings
Estatus retirado Estado de pérdida Estado de daño No para préstamo Biblioteca de origen Biblioteca actual Ubicación en estantería Fecha de adquisición Fuente de adquisición Total de préstamos Signatura topográfica completa Código de barras Visto por última vez Precio de reemplazo Tipo de ítem Koha
        Biblioteca del Ateneo de Madrid Biblioteca del Ateneo de Madrid Sala Pecera Planta 3 17/01/2008     G-13339-42 1053912 23/02/2023 23/02/2023 Libro impreso